01654cam a2200313 i 450000100090000000300040000900500170001300600190003000700150004900800410006401000170010502000180012204000280014004100180016805000220018610000290020824500740023726400470031130000100035833600260036833700260039433800360042050400530045650505260050958800820103565000360111765000380115377601490119121624032OSt20230208143709.0m |o d | cr |||||||||||080616s2008 miua ob 001 0 eng  a 2020689581 a9780310290834 aDLCbengerdacDLCdDLC1 aengagrchgrc00aPA847b.C36 2008 1 aCampbell, Constantine R.10aBasics of verbal aspect in biblical Greek /cConstantine R. Campbell. 1aGrand Rapids, Michigan :bZondervan,c2008 a159p. atextbtxt2rdacontent acomputerbc2rdamedia aonline resourcebcr2rdacarrier aIncludes bibliographical references and indexes.0 aIntroduction: Verbal aspect and exegesis -- Verbal aspect theory -- What is verbal aspect? -- The history of verbal aspect -- Perfective aspect -- Imperfective aspect -- The problem of the perfect -- Verbal aspect and New Testament text -- Verbal lexeme basics -- Present and imperfect tense-forms -- Aorist and future tense-forms -- Perfect and pluperfect tense-forms -- More participles -- A concluding postscript : space and time -- Verbal glossary -- Answers to exercise -- Indexes -- Scripture Index -- Subject Index aDescription based on print version record and CIP data provided by publisher. 0aGreek language, BiblicalxVerb. 0aGreek language, BiblicalxAspect.08iPrint version:tBasics of verbal aspect in biblical GreekdGrand Rapids, Mich. : Zondervan, c2008.z9780310290834 (softcover)w(DLC) 2008026373